Analýza miezd na Slovensku s dôrazom na jednotkové náklady práce diplomová práca

Uložené v:
Podrobná bibliografia
Hlavný autor: Čatlošová, Gabriela
Korporativný autor: Fakulta hospodárskej informatiky EU. Katedra štatistiky
Ďalší autori: Hurbánková, Ľubica, 1980-
Médium: Kniha
Jazyk:Slovak
Vydavateľské údaje: Bratislava 2018
Tagy: Pridať tag
Žiadne tagy, Buďte prvý, kto otaguje tento záznam!

MARC

LEADER 00000nbm a2200000 4500
001 0243627
005 20181010105431.0
041 0 |a slo 
044 |a SK 
245 1 0 |a Analýza miezd na Slovensku s dôrazom na jednotkové náklady práce  |b diplomová práca  |c Gabriela Čatlošová ; školiteľ: Ľubica Hurbánková 
264 1 |a Bratislava  |c 2018 
300 |a 64 s. 
100 1 |a Čatlošová, Gabriela 
700 1 |a Hurbánková, Ľubica, 1980- 
710 2 |a Fakulta hospodárskej informatiky EU. Katedra štatistiky